All 50k+ cities in California on a map - Statistics

General Stats
  • This quiz has been taken 3,116 times
    2,318 since last reset
  • The average score is 67 of 190
Answers on the Map
Answers color-coded by a green-red scale on the quiz's map according to % correct below.
 
Answer Stats
Hint Answer % Correct
3,849,297 Los Angeles
97%
815,201 San Francisco
97%
525,041 Sacramento
96%
1,381,611 San Diego
95%
983,489 San Jose
93%
544,510 Fresno
88%
433,823 Oakland
87%
407,615 Bakersfield
84%
456,062 Long Beach
83%
345,940 Anaheim
79%
317,261 Riverside
76%
88,255 Santa Barbara
76%
222,203 San Bernardino
75%
322,120 Stockton
74%
309,441 Santa Ana
73%
309,031 Irvine
70%
91,105 Santa Monica
68%
277,220 Chula Vista
67%
135,732 Pasadena
65%
218,771 Modesto
64%
224,593 Santa Clarita
63%
117,145 Berkeley
62%
227,514 Fremont
62%
127,151 Santa Clara
62%
93,462 Redding
60%
176,938 Santa Rosa
59%
137,264 Orange
59%
201,879 Oxnard
58%
196,652 Huntington Beach
56%
61,950 Santa Cruz
55%
93,597 Compton
53%
172,982 Oceanside
53%
105,401 Burbank
51%
192,366 Glendale
51%
78,818 Napa
51%
66,680 Palo Alto
51%
102,338 Chico
50%
125,754 Thousand Oaks
50%
109,711 Santa Maria
49%
109,925 Ventura
49%
177,963 Ontario
48%
162,791 Salinas
48%
170,150 Lancaster
47%
102,200 San Mateo
47%
101,243 Daly City
46%
105,181 Inglewood
46%
165,761 Palmdale
46%
124,886 Vallejo
45%
115,302 Carlsbad
44%
159,743 Corona
44%
178,997 Elk Grove
44%
210,761 Fontana
44%
211,600 Moreno Valley
44%
175,142 Rancho Cucamonga
44%
143,600 Torrance
44%
89,308 Merced
43%
148,338 Pomona
43%
142,978 Visalia
43%
66,799 Davis
42%
159,827 Hayward
42%
150,665 Escondido
41%
152,258 Sunnyvale
41%
124,074 Concord
40%
141,874 Fullerton
40%
151,901 Roseville
40%
135,950 Victorville
40%
115,639 Richmond
39%
125,975 Simi Valley
39%
76,362 Alameda
38%
170,488 Garden Grove
38%
114,794 Antioch
37%
90,416 Indio
37%
84,792 Newport Beach
37%
64,251 South San Francisco
37%
110,846 Temecula
37%
103,078 Vacaville
37%
81,643 Redwood City
36%
92,975 Chino
35%
122,989 Clovis
35%
58,622 Cupertino
35%
105,432 El Cajon
34%
81,516 Mountain View
34%
60,769 San Rafael
33%
92,449 Mission Viejo
33%
107,017 West Covina
33%
111,645 Downey
32%
119,705 Fairfield
32%
112,991 Murrieta
32%
51,541 Palm Desert
32%
110,750 Costa Mesa
31%
86,803 Livermore
31%
63,896 San Clemente
30%
95,387 Tracy
30%
69,536 Yuba City
30%
50,411 Covina
29%
106,907 El Monte
29%
100,971 Hesperia
29%
93,535 Carson
28%
106,941 Jurupa Valley
28%
88,868 San Leandro
28%
69,695 Walnut Creek
28%
71,674 Dublin
27%
58,101 Gilroy
27%
100,373 Norwalk
27%
69,781 Redondo Beach
27%
86,947 San Ramon
27%
70,733 Tulare
27%
98,655 Vista
27%
118,000 East Los Angeles
26%
81,224 Folsom
26%
79,066 Milpitas
26%
78,252 Pleasanton
26%
104,394 Rialto
26%
94,926 San Marcos
26%
85,311 Whittier
26%
81,211 Alhambra
25%
78,665 Chino Hills
25%
90,436 Hemet
25%
59,403 Petaluma
25%
67,989 Yorba Linda
25%
76,224 Apple Valley
24%
106,401 Menifee
24%
73,288 Redlands
24%
68,681 Union City
24%
86,091 Hawthorne
23%
76,544 Pittsburg
23%
90,195 Westminster
23%
61,762 Encinitas
22%
67,021 Lodi
22%
67,944 Madera
22%
85,792 Manteca
22%
53,637 West Sacramento
22%
64,870 Brentwood
21%
87,402 Citrus Heights
21%
59,702 Gardena
21%
85,742 Lake Forest
21%
72,682 Turlock
21%
79,430 Tustin
21%
55,345 Arcadia
20%
70,858 Camarillo
20%
64,239 Laguna Niguel
20%
80,611 Lakewood
20%
55,912 National City
20%
53,637 Novato
20%
80,413 Rancho Cordova
20%
79,274 Upland
20%
52,067 Watsonville
20%
52,220 Cathedral City
19%
58,496 Hanford
19%
91,154 South Gate
19%
83,011 Buena Park
18%
71,563 Lake Elsinore
18%
60,721 La Mesa
18%
79,835 Perris
18%
55,290 San Jacinto
18%
51,824 Aliso Viejo
17%
77,408 Bellflower
17%
51,569 Glendora
17%
53,644 Huntington Park
17%
50,649 Lincoln
17%
62,742 Porterville
17%
72,975 Rocklin
17%
61,398 Woodland
17%
52,173 Delano
16%
53,857 Diamond Bar
16%
56,495 Fountain Valley
16%
59,703 Santee
16%
54,285 Colton
15%
57,159 Highland
15%
62,609 La Habra
15%
59,667 Monterey Park
15%
52,506 Paramount
15%
54,739 Yucaipa
15%
96,200 Arden-Arcade
14%
70,629 Baldwin Park
14%
55,280 Beaumont
14%
71,375 Eastvale
14%
65,505 Lynwood
14%
61,204 Montebello
14%
67,100 Castro Valley
13%
51,274 Placentia
13%
50,245 Rosemead
13%
60,764 Pico Rivera
12%
80,800 Carmichael
11%
51,600 El Dorado Hills
10%
53,000 Florin
9%
54,200 Hacienda Heights
7%
50,200 North Highlands
6%
56,300 South Whittier
6%
61,800 Florence-Graham
4%
No matching quizzes found
Score Distribution
Percent of People with Each Score
Percentile by Number Answered
Your Score History
You have not taken this quiz since the last reset